000 00882cam a2200289 a 4500
003 OSt
005 20140311163218.0
008 930504s1992 ilua j 000 1 eng
010 _a 93149032
020 _a089434126X
040 _aDLC
_cDLC
_dDLC
042 _alcac
050 0 0 _aPZ 7
_b.D36Ro 2011
100 1 _aDefoe, Daniel,
_d1661?-1731.
_929475
245 1 0 _aRobinson Crusoe /
_cDaniel Defoe.
260 _aChicago, Ill. :
_bJ.G. Ferguson Pub. Co.,
_c1958.
300 _a278 p. :
_bill. ;
_c22 cm.
521 _aG12
526 _c1320
650 0 _aCrusoe, Robinson (Fictitious character)
_vJuvenile fiction.
_929476
650 1 _aShipwrecks
_vFiction.
_929477
650 1 _aSurvival
_vFiction.
_929478
906 _a7
_bcbc
_corignew
_d2
_encip
_f19
_gy-gencatlg
942 _2lcc
_cBK
999 _c42919
_d42919